Jurons du capitaine Haddock - Statistiques

Statistiques générales
  • Ce quiz a été pris 318 fois
  • Le résultat moyen est 25 sur 225
Statistiques - réponses
Juron % Correct
bachi-bouzouk
81%
tonnerre de brest
58%
ectoplasme
55%
mille sabords
55%
moule à gaufres
46%
marin d'eau douce
45%
zouave
40%
sapajou
35%
pirate
34%
flibustier
33%
iconoclaste
30%
boit-sans-soif
29%
crétin des alpes
29%
bandit
28%
anacoluthe
27%
analphabete
27%
cornichon
24%
voleur
22%
anthropopitheque
21%
bougre
20%
chenapan
20%
gredin
20%
macaque
20%
tchouk-tchouk-nougat
20%
doryphore
18%
jocrisse
18%
va-nu-pieds
18%
brute
17%
cannibale
17%
emplâtre
17%
vercingétorix de carnaval
17%
amiral de bateau lavoir
16%
brigand
16%
malotru
16%
ostrogoth
16%
zoulou
16%
anthropophage
15%
coloquinte
15%
moussaillon
15%
olibrius
15%
ornithorynque
15%
vandale
15%
babouin
14%
canaille
14%
carnaval
14%
cercopitheque
14%
chauffard
14%
incas de carnaval
14%
vaurien
14%
coléoptère
13%
hurluberlu
13%
scolopendre
13%
accapareur
12%
apprenti dictateur à la noix de coco
12%
autodidacte
12%
cyrano à quatre pattes
12%
écraseur
12%
serpent
12%
traître
12%
troglodyte
12%
zebre
12%
bayadere
11%
cataplasme
11%
cloporte
11%
coquin
11%
corsaire
11%
cyclone
11%
cyclotron
11%
diplodocus
11%
esclavagiste
11%
faux jeton
11%
forban
11%
garnement
11%
ivrogne
11%
malappris
11%
nyctalope
11%
rat
11%
satrape
11%
apache
10%
cachalot
10%
calamité
10%
catachrese
10%
gangster
10%
judas
10%
logarithme
10%
papou
10%
pignouf
10%
trompe-la-mort
10%
wisigoth
10%
cataclysme
9%
diablesse
9%
escogriffe
9%
invertébré
9%
lâche
9%
lépidoptère
9%
loup garou à la graisse de renoncule
9%
misérable
9%
naufrageur
9%
parasite
9%
sauvage
9%
tigresse
9%
vampire
9%
vermine
9%
aerolithe
8%
amphitryon
8%
anthracite
8%
arlequin
8%
astronaute d'eau douce
8%
autocrate
8%
azteques
8%
canaque
8%
choléra
8%
chouette mal empaillée
8%
cornemuse
8%
empoisonneur
8%
froussard
8%
galopin
8%
gibier de potence
8%
gros plein de soupe
8%
hérétique
8%
jet d'eau ambulant
8%
jus de réglisse
8%
ku klux klan
8%
macrocephale
8%
mamelouk
8%
marchand de tapis
8%
mérinos
8%
moujik
8%
oryctérope
8%
paltoquet
8%
patate
8%
perruche bavarde
8%
polichinelle
8%
rapace
8%
rénégat
8%
sacripant
8%
saltimbanque
8%
scélérat
8%
schizophrène
8%
ver de terre
8%
vipere
8%
vivisectionniste
8%
zapotheque
8%
cow-boy de la route
7%
égoïste
7%
frères de la côte
7%
grenouille
7%
hors-la-loi
7%
mussolini
7%
négrier
7%
noix de coco
7%
pantoufle
7%
phylloxera
7%
profiteur
7%
pyromane
7%
pyrophore
7%
sajou
7%
tortionnaire
7%
vermicelle
7%
zigomar
7%
athlete complet
6%
brotonsaure
6%
bulldozer à réaction
6%
casse-pieds
6%
cyanure
6%
écornifleur
6%
épouvantail
6%
garde-côte à la mie de pain
6%
goujat
6%
gyroscope
6%
hydrocarbure
6%
kroumir
6%
marchand de guano
6%
mercanti
6%
mitrailleur à bavette
6%
patagon
6%
patapouf
6%
péronelle
6%
scorpion
6%
traine potence
6%
bibendum
5%
clysopompe
5%
dynamiteurs
5%
enragé
5%
gargarisme
5%
individou de general
5%
mégalomane
5%
mercenaire
5%
mufle
5%
ours mal léché
5%
pacte à quatre
5%
paranoïaque
5%
phénomène
5%
polygraphe
5%
porc-epic mal embouché
5%
projectile guidé
5%
protozoaire
5%
rhizopode
5%
sale bête
5%
simili martien à la graisse de cabestan
5%
technocrate
5%
terroriste
5%
tête de mule
5%
topinambour
5%
végétarien
5%
coupe-jarret
4%
mégacycle
4%
moricaud
4%
ophicleide
4%
ravachol
4%
satané bazar de fourbi de truc
4%
tête de lard
4%
trafiquant d echair humaine
4%
cro-magnon
3%
équilibriste
3%
marmotte
3%
mouchard
3%
phlébotome
3%
phylactère
3%
potentat emplumé
3%
poussière
3%
soulographe
3%
moratorium
2%
rocambole
2%
sinapisme
2%
Aucun quiz correspondant
Distribution des résultats
% des personnes avec chaque résultat
Percentile par nombre de réponses
Votre historique - résultats
Vous n’avez pas pris ce quiz